LIBRARY & INFORMATION CENTRE, KCAET, TAVANUR

ONLINE PUBLIC ACCESS CATALOGUE (OPAC)

Post harvest handling of fruits, vegetables and flowers (Record no. 14857)

MARC details
000 -LEADER
fixed length control field 00369nam a22001457a 4500
020 ## - INTERNATIONAL STANDARD BOOK NUMBER
ISBN 9788183601139
082 ## - DEWEY DECIMAL CLASSIFICATION NUMBER
Classification number 631.56
Item number BAR/PO
100 ## - MAIN ENTRY--AUTHOR NAME
Personal name Barche, Swati
100 ## - MAIN ENTRY--AUTHOR NAME
Personal name Kirad, Kamal Singh
245 ## - TITLE STATEMENT
Title Post harvest handling of fruits, vegetables and flowers
250 ## - EDITION STATEMENT
Edition statement 2
260 ## - PUBLICATION, DISTRIBUTION, ETC. (IMPRINT)
Place of publication New Delhi
Name of publisher Jain Brothers
Year of publication 2013
300 ## - PHYSICAL DESCRIPTION
Number of Pages 162
942 ## - ADDED ENTRY ELEMENTS (KOHA)
Koha item type Books
Holdings
Withdrawn status Lost status Damaged status Collection code Home library Current library Shelving location Date acquired Source of acquisition Cost, normal purchase price Full call number Accession Number Koha item type
        KAUAET KAUAET General Stacks 30/03/2017 Neoti book Agency 150.00 631.56 BAR/PO 25269 Books
        KAUAET KAUAET General Stacks 30/03/2017 Neoti book Agency 150.00 631.56 BAR/PO 25270 Books
        KAUAET KAUAET General Stacks 18/03/2018 Neoti book agency 150.00 631.56 BAR/PO 25588 Books
        KAUAET KAUAET General Stacks 18/03/2018 Neoti book agency 150.00 631.56 BAR/PO 25589 Books
free website counter